Investície do bývania a ich vplyv na trh práce diplomová práca

Na minha lista:
Detalhes bibliográficos
Autor principal: Djenková, Zuzana
Autor Corporativo: Národohospodárska fakulta EU. Katedra hospodárskej politiky
Outros Autores: Morvay, Karol, 1973-
Formato: Livro
Idioma:eslovaco
Publicado em: Bratislava 2025
Tags: Adicionar Tag
Sem tags, seja o primeiro a adicionar uma tag!

MARC

LEADER 00000nbm a2200000 4500
001 0309133
005 20260205083557.2
041 0 |a slo 
044 |a SK 
245 1 0 |a Investície do bývania a ich vplyv na trh práce  |b diplomová práca  |c Zuzana Djenková ; školiteľ: Karol Morvay 
264 1 |a Bratislava  |c 2025 
300 |a 67 s. 
100 1 |a Djenková, Zuzana 
700 1 |a Morvay, Karol, 1973- 
710 2 |a Národohospodárska fakulta EU. Katedra hospodárskej politiky